[Event "EYCC Open-U14 2019"]
[Site "Bratislava"]
[Date "2019.08.08"]
[Round "7.3"]
[White "Popov, Konstantin"]
[Black "Biletskiy, Danylo"]
[Result "1-0"]
[WhiteElo "2367"]
[BlackElo "2105"]
[Annotator "NA"]
[PlyCount "85"]
[EventDate "2019.08.02"]
[EventType "swiss"]
[EventCountry "SVK"]
[SourceTitle "playchess.com"]
[Source "ChessBase"]
[SourceQuality "1"]
[TimeControl "40/5400+30:1800+30"]

1. d4 {[%emt 0:00:00]} Nf6 {[%emt 0:00:17]} 2. c4 {[%emt 0:00:29]} c5 {[%emt 0:02:02]} 3. d5 {[%emt 0:00:22]} e6 {[%emt 0:00:15]} 4. Nc3 {[%emt 0:00:45]} exd5 {[%emt 0:00:17]} 5. cxd5 {[%emt 0:00:06]} g6 {[%emt 0:00:21]} 6. e4 {[%emt 0:00:14]} d6 {[%emt 0:00:38]} 7. f4 {[%emt 0:00:51]} Bg7 {[%emt 0:02:35]} 8. Bb5+ {[%emt 0:00:32]} Bd7 {[%emt 0:02:21]} 9. e5 {[%emt 0:04:25]} Qe7 {[%emt 0:14:21]} 10. Nf3 {[%emt 0:19:06]} dxe5 {[%emt 0:25:25]} 11. fxe5 {[%emt 0:06:26]} Ng4 {[%emt 0:01:19]} 12. d6 {[%emt 0:22:22]} Qd8 {[%emt 0:02:45]} 13. O-O {[%emt 0:06:50]} O-O {[%emt 0:01:43]} 14. Bg5 {[%emt 0:02:23]} Qe8 {[%emt 0:13:44]} 15. Bxd7 {[%emt 0:07:52]} Qxd7 {[%emt 0:00:58]} 16. h3 {[%emt 0:05:43]} Nxe5 {[%emt 0:02:29]} 17. Nd5 {[%emt 0:04:30]} Nbc6 {[%emt 0:05:39]} 18. Nf6+ {[%emt 0:07:43]} Bxf6 {[%emt 0:00:02]} 19. Bxf6 {[%emt 0:00:03]} Nxf3+ {[%emt 0:04:50]} 20. Rxf3 {[%emt 0:05:04]} h6 {[%emt 0:07:07]} 21. Qd2 {[%emt 0:01:22]} Kh7 {[%emt 0:00:07]} 22. Rf4 {[%emt 0:02:40]} Nd4 {[%emt 0:06:28]} 23. Bxd4 {[%emt 0:00:41]} cxd4 {[%emt 0:00:02]} 24. Rxd4 {[%emt 0:00:13]} g5 {[%emt 0:02:23]} 25. h4 {[%emt 0:00:46]} Rg8 {[%emt 0:01:11]} 26. Re1 {[%emt 0:00:33]} Rae8 {[%emt 0:00:16]} 27. Rxe8 {[%emt 0:00:30]} Rxe8 {[%emt 0:00:02]} 28. hxg5 {[%emt 0:00:13]} Re6 {[%emt 0:00:26]} 29. gxh6 {[%emt 0:00:57]} Rxh6 {[%emt 0:00:16]} 30. Qg5 {[%emt 0:00:36]} a6 {[%emt 0:01:44]} 31. Qd2 {[%emt 0:00:38]} Kg7 {[%emt 0:00:50]} 32. Qg5+ {[%emt 0:00:26]} Kh7 {[%emt 0:00:12]} 33. Rg4 {[%emt 0:00:26]} Rg6 {[%emt 0:00:20]} 34. Rh4+ {[%emt 0:00:08]} Kg7 {[%emt 0:00:52]} 35. Qe5+ {[%emt 0:00:48]} f6 {[%emt 0:00:59]} 36. Qh5 {[%emt 0:00:08]} Kf7 {[%emt 0:00:44]} 37. Qh7+ {[%emt 0:00:46]} Rg7 {[%emt 0:00:02]} 38. Qh5+ {[%emt 0:00:05]} Kf8 {[%emt 0:01:26]} 39. Qd5 {[%emt 0:00:35]} Rg8 {[%emt 0:01:00]} 40. Rh6 {[%emt 0:00:00]} Qd8 {[%emt 0:00:00]} 41. Qf5 {[%emt 0:04:14]} Kg7 {[%emt 0:04:16]} 42. Rh7+ {[%emt 0:00:27]} Kf8 {[%emt 0:00:02]} 43. Qe6 {[%emt 0:00:19]} 1-0

[Event "EYCC Open-U14 2019"]
[Site "Bratislava"]
[Date "2019.08.08"]
[Round "7.4"]
[White "Chyzy, Jakub"]
[Black "Mitusov, Semen"]
[Result "1/2-1/2"]
[WhiteElo "2093"]
[BlackElo "2199"]
[Annotator "NA"]
[PlyCount "89"]
[EventDate "2019.08.02"]
[EventType "swiss"]
[EventCountry "SVK"]
[SourceTitle "playchess.com"]
[Source "ChessBase"]
[SourceQuality "1"]
[TimeControl "40/5400+30:1800+30"]

1. e4 {[%emt 0:00:00]} e5 {[%emt 0:00:00]} 2. Nf3 {[%emt 0:00:00]} Nc6 {[%emt 0:00:26]} 3. Nc3 {[%emt 0:00:00]} Nf6 {[%emt 0:00:28]} 4. d4 {[%emt 0:00:00]} exd4 {[%emt 0:00:58]} 5. Nxd4 {[%emt 0:00:00]} Bb4 {[%emt 0:00:12]} 6. Nxc6 {[%emt 0:00:00]} bxc6 {[%emt 0:00:04]} 7. Bd3 {[%emt 0:00:00]} d5 {[%emt 0:00:03]} 8. exd5 {[%emt 0:00:11]} cxd5 {[%emt 0:00:06]} 9. O-O {[%emt 0:00:04]} O-O {[%emt 0:01:59]} 10. Bg5 {[%emt 0:00:05]} c6 {[%emt 0:00:05]} 11. Qf3 {[%emt 0:00:05]} Bd6 {[%emt 0:01:19]} 12. h3 {[%emt 0:00:19]} Rb8 {[%emt 0:00:11]} 13. Rab1 {[%emt 0:00:06]} h6 {[%emt 0:01:07]} 14. Bf4 {[%emt 0:00:06]} Rb4 {[%emt 0:00:42]} 15. Bd2 {[%emt 0:16:09]} Rh4 {[%emt 0:12:35]} 16. Rfe1 {[%emt 0:26:16]} Bc7 {[%emt 0:21:19]} 17. Bf1 {[%emt 0:15:27]} Rh5 {[%emt 0:12:52]} 18. Bf4 {[%emt 0:08:18]} Rf5 {[%emt 0:04:08]} 19. Bxc7 {[%emt 0:00:19]} Qxc7 {[%emt 0:00:09]} 20. Qg3 {[%emt 0:05:57]} Qxg3 {[%emt 0:05:27]} 21. fxg3 {[%emt 0:00:04]} Re8 {[%emt 0:00:11]} 22. Rxe8+ {[%emt 0:03:47]} Nxe8 {[%emt 0:00:03]} 23. Re1 {[%emt 0:06:36]} Kf8 {[%emt 0:00:51]} 24. Bd3 {[%emt 0:01:21]} Rf6 {[%emt 0:02:33]} 25. Na4 {[%emt 0:03:26]} Re6 {[%emt 0:05:41]} 26. Rf1 {[%emt 0:05:16]} Rf6 {[%emt 0:02:42]} 27. Rb1 {[%emt 0:06:17]} Ke7 {[%emt 0:04:51]} 28. b4 {[%emt 0:00:58]} Nc7 {[%emt 0:01:49]} 29. Rb3 {[%emt 0:02:08]} Kd6 {[%emt 0:05:09]} 30. Ra3 {[%emt 0:01:00]} Re6 {[%emt 0:01:14]} 31. Nc5 {[%emt 0:00:34]} Re1+ {[%emt 0:00:31]} 32. Kf2 {[%emt 0:00:26]} Rb1 {[%emt 0:00:06]} 33. c3 {[%emt 0:00:29]} Rc1 {[%emt 0:02:15]} 34. Ke3 {[%emt 0:00:30]} Re1+ {[%emt 0:02:14]} 35. Kf2 {[%emt 0:00:18]} Rc1 {[%emt 0:00:01]} 36. Ke2 {[%emt 0:00:13]} Rg1 {[%emt 0:00:19]} 37. Kf2 {[%emt 0:00:50]} Rc1 {[%emt 0:00:05]} 38. Ke2 {[%emt 0:00:13]} Rg1 {[%emt 0:01:14]} 39. Kf3 {[%emt 0:00:00]} Rc1 {[%emt 0:02:19]} 40. Rxa7 {[%emt 0:00:00]} Rxc3 {[%emt 0:00:00]} 41. Ke2 {[%emt 0:02:04]} Rc1 {[%emt 0:03:11]} 42. Nb3 {[%emt 0:00:54]} Rg1 {[%emt 0:01:25]} 43. Kf2 {[%emt 0:01:10]} Rd1 {[%emt 0:01:11]} 44. Bc2 {[%emt 0:00:41]} Rh1 {[%emt 0:00:09]} 45. Bd3 {[%emt 0:24:50]} 1/2-1/2

[Event "EYCC Open-U14 2019"]
[Site "Bratislava"]
[Date "2019.08.08"]
[Round "7.5"]
[White "Tadic, Stefan"]
[Black "Borhy, Marcell"]
[Result "1-0"]
[WhiteElo "2262"]
[BlackElo "2382"]
[Annotator "NA"]
[PlyCount "65"]
[EventDate "2019.08.02"]
[EventType "swiss"]
[EventCountry "SVK"]
[SourceTitle "playchess.com"]
[Source "ChessBase"]
[SourceQuality "1"]
[TimeControl "40/5400+30:1800+30"]

1. e4 {[%emt 0:00:00]} d6 {[%emt 0:00:00]} 2. d4 {[%emt 0:00:00]} Nf6 {[%emt 0:00:00]} 3. Nc3 {[%emt 0:00:00]} e5 {[%emt 0:00:00]} 4. Nf3 {[%emt 0:00:00]} Nbd7 {[%emt 0:00:00]} 5. g4 {[%emt 0:00:00]} Nxg4 {[%emt 0:01:18]} 6. Rg1 {[%emt 0:00:00]} Ngf6 {[%emt 0:00:09]} 7. Bc4 {[%emt 0:00:10]} h6 {[%emt 0:01:48]} 8. Be3 {[%emt 0:00:36]} c6 {[%emt 0:00:12]} 9. dxe5 {[%emt 0:00:09]} dxe5 {[%emt 0:00:52]} 10. Qd3 {[%emt 0:00:09]} b5 {[%emt 0:03:11]} 11. Bb3 {[%emt 0:00:06]} Qa5 {[%emt 0:02:51]} 12. O-O-O {[%emt 0:00:10]} Ba6 {[%emt 0:00:13]} 13. Nb1 {[%emt 0:01:18]} b4 {[%emt 0:20:01]} 14. Bxf7+ {[%emt 0:29:38]} Kxf7 {[%emt 0:04:45]} 15. Qb3+ {[%emt 0:00:22]} Nd5 {[%emt 0:22:55]} 16. exd5 {[%emt 0:13:48]} c5 {[%emt 0:00:05]} 17. Nbd2 {[%emt 0:00:52]} Bd6 {[%emt 0:02:40]} 18. Nc4 {[%emt 0:09:58]} Bxc4 {[%emt 0:01:26]} 19. Qxc4 {[%emt 0:00:04]} Nf6 {[%emt 0:00:12]} 20. Nh4 {[%emt 0:03:45]} Rad8 {[%emt 0:05:04]} 21. Nf5 {[%emt 0:02:33]} Rhg8 {[%emt 0:00:19]} 22. Kb1 {[%emt 0:04:02]} Qc7 {[%emt 0:01:20]} 23. b3 {[%emt 0:11:18]} Rc8 {[%emt 0:01:24]} 24. Qa6 {[%emt 0:01:15]} Rcd8 {[%emt 0:14:21]} 25. f3 {[%emt 0:01:21]} Qd7 {[%emt 0:05:12]} 26. Qd3 {[%emt 0:01:56]} Kf8 {[%emt 0:03:28]} 27. Rg6 {[%emt 0:02:19]} Bb8 {[%emt 0:02:41]} 28. Bxc5+ {[%emt 0:05:30]} Kf7 {[%emt 0:00:25]} 29. Rdg1 {[%emt 0:00:36]} Nh5 {[%emt 0:01:17]} 30. d6 {[%emt 0:05:23]} Kf8 {[%emt 0:00:34]} 31. Nxh6 {[%emt 0:00:33]} Nf4 {[%emt 0:00:16]} 32. Rf6+ {[%emt 0:00:14]} Ke8 {[%emt 0:00:14]} 33. Qh7 {[%emt 0:00:28]} 1-0

[Event "EYCC Open-U14 2019"]
[Site "Bratislava"]
[Date "2019.08.08"]
[Round "7.6"]
[White "Can, Isik"]
[Black "Rozen, Eytan"]
[Result "1-0"]
[WhiteElo "2374"]
[BlackElo "2260"]
[Annotator "NA"]
[PlyCount "103"]
[EventDate "2019.08.02"]
[EventType "swiss"]
[EventCountry "SVK"]
[SourceTitle "playchess.com"]
[Source "ChessBase"]
[SourceQuality "1"]
[TimeControl "40/5400+30:1800+30"]

1. e4 {[%emt 0:00:00]} c6 {[%emt 0:02:07]} 2. d4 {[%emt 0:00:00]} d5 {[%emt 0:00:03]} 3. e5 {[%emt 0:00:00]} Bf5 {[%emt 0:00:51]} 4. h4 {[%emt 0:00:00]} h5 {[%emt 0:10:10]} 5. c4 {[%emt 0:01:29]} e6 {[%emt 0:00:56]} 6. Nc3 {[%emt 0:00:04]} Ne7 {[%emt 0:00:50]} 7. Nge2 {[%emt 0:00:05]} dxc4 {[%emt 0:01:07]} 8. Ng3 {[%emt 0:02:00]} Bd3 {[%emt 0:04:36]} 9. Bxd3 {[%emt 0:06:51]} cxd3 {[%emt 0:01:46]} 10. Qxd3 {[%emt 0:01:10]} Nd5 {[%emt 0:08:10]} 11. Bg5 {[%emt 0:01:00]} Qa5 {[%emt 0:04:33]} 12. O-O {[%emt 0:02:12]} Nd7 {[%emt 0:04:40]} 13. f4 {[%emt 0:04:32]} Be7 {[%emt 0:08:03]} 14. Bxe7 {[%emt 0:02:10]} Nxe7 {[%emt 0:01:05]} 15. Nce4 {[%emt 0:00:22]} Qd5 {[%emt 0:02:43]} 16. b4 {[%emt 0:08:04]} Rd8 {[%emt 0:05:30]} 17. Nd6+ {[%emt 0:11:21]} Kf8 {[%emt 0:00:02]} 18. Nge4 {[%emt 0:07:50]} Nb6 {[%emt 0:10:05]} 19. Nc3 {[%emt 0:01:56]} Rxd6 {[%emt 0:00:02]} 20. Nxd5 {[%emt 0:00:05]} Rxd5 {[%emt 0:00:02]} 21. f5 {[%emt 0:00:21]} Nxf5 {[%emt 0:00:34]} 22. Rxf5 {[%emt 0:00:04]} exf5 {[%emt 0:00:01]} 23. Qxf5 {[%emt 0:00:06]} Rh6 {[%emt 0:05:26]} 24. Rf1 {[%emt 0:00:29]} Rf6 {[%emt 0:02:49]} 25. Qxh5 {[%emt 0:00:30]} Rxf1+ {[%emt 0:00:08]} 26. Kxf1 {[%emt 0:00:01]} Kg8 {[%emt 0:02:54]} 27. Qg4 {[%emt 0:01:15]} a5 {[%emt 0:01:42]} 28. bxa5 {[%emt 0:02:13]} Rxa5 {[%emt 0:00:10]} 29. Qg5 {[%emt 0:01:15]} f6 {[%emt 0:04:23]} 30. Qg6 {[%emt 0:00:38]} Nd5 {[%emt 0:03:02]} 31. e6 {[%emt 0:01:56]} Rxa2 {[%emt 0:01:16]} 32. e7 {[%emt 0:00:09]} Ra1+ {[%emt 0:01:36]} 33. Kf2 {[%emt 0:00:01]} Ra2+ {[%emt 0:00:11]} 34. Kg1 {[%emt 0:00:06]} Nxe7 {[%emt 0:00:25]} 35. Qe8+ {[%emt 0:00:02]} Kh7 {[%emt 0:00:01]} 36. Qxe7 {[%emt 0:00:07]} Rb2 {[%emt 0:00:42]} 37. h5 {[%emt 0:00:20]} Rb1+ {[%emt 0:02:17]} 38. Kh2 {[%emt 0:00:02]} Rb5 {[%emt 0:00:25]} 39. Qe4+ {[%emt 0:00:29]} Kh8 {[%emt 0:00:45]} 40. Kg1 {[%emt 0:00:00]} Rg5 {[%emt 0:00:00]} 41. Qe7 {[%emt 0:00:25]} Kh7 {[%emt 0:14:02]} 42. Qxb7 {[%emt 0:00:24]} Rd5 {[%emt 0:00:01]} 43. Qf7 {[%emt 0:00:27]} Rd6 {[%emt 0:01:13]} 44. Qg6+ {[%emt 0:00:17]} Kh8 {[%emt 0:00:00]} 45. g4 {[%emt 0:00:20]} Rxd4 {[%emt 0:05:11]} 46. h6 {[%emt 0:01:18]} Rd1+ {[%emt 0:00:36]} 47. Kg2 {[%emt 0:01:46]} gxh6 {[%emt 0:00:09]} 48. Qxh6+ {[%emt 0:00:18]} Kg8 {[%emt 0:00:01]} 49. Qg6+ {[%emt 0:00:00]} Kh8 {[%emt 0:00:11]} 50. Qxf6+ {[%emt 0:00:02]} Kh7 {[%emt 0:00:12]} 51. Qxc6 {[%emt 0:00:04]} Rd2+ {[%emt 0:00:08]} 52. Kg3 {[%emt 0:00:02]} 1-0

[Event "EYCC Open-U14 2019"]
[Site "Bratislava"]
[Date "2019.08.08"]
[Round "7.7"]
[White "Weihrauch, Jakob"]
[Black "Oglaza, Oskar"]
[Result "0-1"]
[WhiteElo "2201"]
[BlackElo "2345"]
[Annotator "NA"]
[PlyCount "104"]
[EventDate "2019.08.02"]
[EventType "swiss"]
[EventCountry "SVK"]
[SourceTitle "playchess.com"]
[Source "ChessBase"]
[SourceQuality "1"]
[TimeControl "40/5400+30:1800+30"]

1. e4 {[%emt 0:00:00]} c5 {[%emt 0:00:00]} 2. Nf3 {[%emt 0:00:00]} d6 {[%emt 0:00:00]} 3. d4 {[%emt 0:00:00]} cxd4 {[%emt 0:00:00]} 4. Nxd4 {[%emt 0:00:00]} Nf6 {[%emt 0:00:02]} 5. Nc3 {[%emt 0:00:02]} a6 {[%emt 0:00:03]} 6. g3 {[%emt 0:00:15]} e5 {[%emt 0:00:05]} 7. Nde2 {[%emt 0:00:06]} Be7 {[%emt 0:00:05]} 8. Bg2 {[%emt 0:00:35]} O-O {[%emt 0:00:13]} 9. O-O {[%emt 0:01:04]} b5 {[%emt 0:00:07]} 10. Nd5 {[%emt 0:00:31]} Nxd5 {[%emt 0:00:19]} 11. Qxd5 {[%emt 0:00:02]} Ra7 {[%emt 0:00:06]} 12. Be3 {[%emt 0:00:14]} Rb7 {[%emt 0:00:44]} 13. Qd2 {[%emt 0:00:16]} Nd7 {[%emt 0:11:23]} 14. Nc3 {[%emt 0:01:27]} h6 {[%emt 0:20:14]} 15. Nd5 {[%emt 0:04:14]} Nf6 {[%emt 0:00:21]} 16. Nb4 {[%emt 0:09:18]} Rd7 {[%emt 0:02:34]} 17. Bh3 {[%emt 0:03:40]} Rc7 {[%emt 0:24:37]} 18. Bxc8 {[%emt 0:08:03]} Qxc8 {[%emt 0:01:43]} 19. f3 {[%emt 0:01:08]} a5 {[%emt 0:01:38]} 20. Nd5 {[%emt 0:04:20]} Nxd5 {[%emt 0:00:17]} 21. Qxd5 {[%emt 0:00:01]} Rxc2 {[%emt 0:00:49]} 22. Rac1 {[%emt 0:05:10]} Bg5 {[%emt 0:01:55]} 23. Bxg5 {[%emt 0:05:06]} hxg5 {[%emt 0:01:53]} 24. Rxc2 {[%emt 0:00:10]} Qxc2 {[%emt 0:00:05]} 25. Qxb5 {[%emt 0:01:15]} Rc8 {[%emt 0:04:47]} 26. Re1 {[%emt 0:04:00]} Qd2 {[%emt 0:01:34]} 27. Qe2 {[%emt 0:02:53]} Rc2 {[%emt 0:00:18]} 28. Qxd2 {[%emt 0:00:09]} Rxd2 {[%emt 0:00:03]} 29. Rb1 {[%emt 0:00:20]} Kf8 {[%emt 0:11:13]} 30. a3 {[%emt 0:03:52]} a4 {[%emt 0:02:34]} 31. b3 {[%emt 0:08:26]} Rd3 {[%emt 0:02:54]} 32. bxa4 {[%emt 0:00:07]} Rxf3 {[%emt 0:03:21]} 33. Kg2 {[%emt 0:10:27]} Rxa3 {[%emt 0:00:14]} 34. Rb8+ {[%emt 0:01:46]} Ke7 {[%emt 0:00:04]} 35. Ra8 {[%emt 0:00:07]} Re3 {[%emt 0:01:06]} 36. a5 {[%emt 0:01:11]} Rxe4 {[%emt 0:00:08]} 37. a6 {[%emt 0:00:15]} Ra4 {[%emt 0:00:13]} 38. Kf3 {[%emt 0:01:07]} d5 {[%emt 0:01:48]} 39. a7 {[%emt 0:00:25]} g4+ {[%emt 0:00:16]} 40. Ke3 {[%emt 0:00:00]} Ra3+ {[%emt 0:00:00]} 41. Ke2 {[%emt 0:00:52]} e4 {[%emt 0:00:15]} 42. Rg8 {[%emt 0:01:33]} Rxa7 {[%emt 0:00:04]} 43. Rxg7 {[%emt 0:00:11]} d4 {[%emt 0:01:05]} 44. Rxg4 {[%emt 0:00:40]} Ra2+ {[%emt 0:00:02]} 45. Kf1 {[%emt 0:01:44]} f5 {[%emt 0:00:07]} 46. Rf4 {[%emt 0:00:08]} Ke6 {[%emt 0:01:07]} 47. g4 {[%emt 0:00:06]} Rxh2 {[%emt 0:00:03]} 48. Rxf5 {[%emt 0:00:47]} d3 {[%emt 0:00:11]} 49. Kg1 {[%emt 0:01:49]} Rc2 {[%emt 0:00:10]} 50. Ra5 {[%emt 0:00:48]} d2 {[%emt 0:00:08]} 51. Ra6+ {[%emt 0:00:57]} Ke5 {[%emt 0:00:06]} 52. Ra5+ {[%emt 0:00:14]} Kf4 {[%emt 0:00:12]} 0-1

[Event "EYCC Open-U14 2019"]
[Site "Bratislava"]
[Date "2019.08.08"]
[Round "7.8"]
[White "Gnojek, Petr"]
[Black "Krastev, Alexander"]
[Result "0-1"]
[WhiteElo "2246"]
[BlackElo "2325"]
[Annotator "NA"]
[PlyCount "97"]
[EventDate "2019.08.02"]
[EventType "swiss"]
[EventCountry "SVK"]
[SourceTitle "playchess.com"]
[Source "ChessBase"]
[SourceQuality "1"]
[TimeControl "40/5400+30:1800+30"]

1. d4 {[%emt 0:00:00]} Nf6 {[%emt 0:00:00]} 2. c4 {[%emt 0:00:00]} g6 {[%emt 0:00:00]} 3. f3 {[%emt 0:00:00]} Bg7 {[%emt 0:00:00]} 4. e4 {[%emt 0:00:00]} d6 {[%emt 0:00:00]} 5. Nc3 {[%emt 0:00:33]} O-O {[%emt 0:00:02]} 6. Be3 c5 {[%emt 0:00:06]} 7. Nge2 {[%emt 0:01:48]} Nc6 {[%emt 0:00:09]} 8. Qd2 {[%emt 0:01:09]} Qa5 {[%emt 0:00:53]} 9. Rd1 {[%emt 0:04:31]} a6 {[%emt 0:07:37]} 10. dxc5 {[%emt 0:03:22]} dxc5 {[%emt 0:00:17]} 11. Nd5 {[%emt 0:00:21]} Qxd2+ {[%emt 0:00:36]} 12. Rxd2 {[%emt 0:00:08]} Nd7 {[%emt 0:00:18]} 13. f4 {[%emt 0:03:26]} e6 {[%emt 0:15:05]} 14. Ndc3 {[%emt 0:00:52]} b6 {[%emt 0:04:22]} 15. g3 {[%emt 0:01:38]} Rd8 {[%emt 0:25:56]} 16. e5 {[%emt 0:02:31]} Ncxe5 {[%emt 0:08:15]} 17. Bg2 {[%emt 0:04:24]} Nxc4 {[%emt 0:00:07]} 18. Bxa8 {[%emt 0:00:04]} Nxe3 {[%emt 0:00:37]} 19. b3 {[%emt 0:02:49]} b5 {[%emt 0:03:44]} 20. Ne4 {[%emt 0:03:52]} c4 {[%emt 0:03:56]} 21. Kf2 {[%emt 0:05:28]} Ng4+ {[%emt 0:01:35]} 22. Kf3 {[%emt 0:00:27]} f5 {[%emt 0:00:41]} 23. Nf2 {[%emt 0:05:47]} Nde5+ {[%emt 0:01:06]} 24. fxe5 {[%emt 0:00:08]} Rxd2 {[%emt 0:00:27]} 25. Nxg4 {[%emt 0:00:30]} fxg4+ {[%emt 0:00:04]} 26. Ke3 {[%emt 0:00:05]} Bh6+ {[%emt 0:04:05]} 27. Nf4 {[%emt 0:01:05]} c3 {[%emt 0:00:38]} 28. Rc1 {[%emt 0:02:22]} b4 {[%emt 0:00:20]} 29. a3 {[%emt 0:00:42]} a5 {[%emt 0:00:12]} 30. axb4 {[%emt 0:00:57]} axb4 {[%emt 0:00:05]} 31. Be4 {[%emt 0:00:07]} Bf8 {[%emt 0:03:44]} 32. Nd3 {[%emt 0:00:52]} Bh6+ {[%emt 0:00:34]} 33. Nf4 {[%emt 0:00:06]} Rd7 {[%emt 0:07:52]} 34. Ra1 {[%emt 0:04:17]} Bb7 {[%emt 0:00:31]} 35. Ra7 {[%emt 0:01:50]} Bc6 {[%emt 0:00:16]} 36. Rxd7 {[%emt 0:02:44]} Bxd7 {[%emt 0:00:05]} 37. Kd3 {[%emt 0:00:14]} Bb5+ {[%emt 0:01:02]} 38. Kd4 {[%emt 0:01:08]} Bxf4 {[%emt 0:08:10]} 39. gxf4 {[%emt 0:00:07]} Be2 {[%emt 0:03:07]} 40. Bc2 {[%emt 0:00:00]} g3 {[%emt 0:00:00]} 41. hxg3 {[%emt 0:05:23]} Bg4 {[%emt 0:01:52]} 42. Kc4 {[%emt 0:01:03]} Bf5 {[%emt 0:00:06]} 43. Bd1 {[%emt 0:00:02]} c2 {[%emt 0:00:11]} 44. Bxc2 {[%emt 0:00:04]} Bxc2 {[%emt 0:00:04]} 45. Kxb4 {[%emt 0:00:03]} Kf7 {[%emt 0:00:37]} 46. Kc4 {[%emt 0:00:14]} g5 {[%emt 0:02:21]} 47. fxg5 {[%emt 0:00:26]} Kg6 {[%emt 0:00:07]} 48. b4 {[%emt 0:00:46]} Kxg5 {[%emt 0:00:11]} 49. Kd4 0-1

[Event "EYCC Open-U14 2019"]
[Site "Bratislava"]
[Date "2019.08.08"]
[Round "7.9"]
[White "Trofimov, Pavel"]
[Black "Stukan, Martin"]
[Result "1/2-1/2"]
[WhiteElo "2151"]
[BlackElo "2303"]
[Annotator "NA"]
[PlyCount "60"]
[EventDate "2019.08.02"]
[EventType "swiss"]
[EventCountry "SVK"]
[SourceTitle "playchess.com"]
[Source "ChessBase"]
[SourceQuality "1"]
[TimeControl "40/5400+30:1800+30"]

1. d4 {[%emt 0:00:00]} Nf6 {[%emt 0:00:00]} 2. c4 {[%emt 0:00:02]} e6 {[%emt 0:00:00]} 3. Nc3 {[%emt 0:00:33]} Bb4 {[%emt 0:00:00]} 4. Qc2 {[%emt 0:01:53]} d5 {[%emt 0:00:00]} 5. a3 {[%emt 0:02:44]} Bxc3+ {[%emt 0:00:00]} 6. Qxc3 {[%emt 0:00:04]} Ne4 {[%emt 0:00:04]} 7. Qc2 {[%emt 0:01:03]} c5 {[%emt 0:00:10]} 8. dxc5 {[%emt 0:12:11]} Nc6 {[%emt 0:01:19]} 9. Nf3 {[%emt 0:06:54]} Qa5+ {[%emt 0:03:48]} 10. Bd2 {[%emt 0:01:52]} Qxc5 {[%emt 0:09:49]} 11. e3 {[%emt 0:00:51]} Nxd2 {[%emt 0:02:19]} 12. Nxd2 {[%emt 0:02:06]} d4 {[%emt 0:05:42]} 13. b4 {[%emt 0:08:13]} Qh5 {[%emt 0:05:37]} 14. Be2 {[%emt 0:10:13]} Qg6 {[%emt 0:03:24]} 15. Qxg6 {[%emt 0:02:32]} hxg6 {[%emt 0:00:04]} 16. O-O {[%emt 0:07:25]} dxe3 {[%emt 0:03:22]} 17. fxe3 {[%emt 0:01:16]} Ne5 {[%emt 0:01:16]} 18. c5 {[%emt 0:06:18]} Bd7 {[%emt 0:03:48]} 19. Rf4 {[%emt 0:08:45]} Ke7 {[%emt 0:04:37]} 20. Nf3 {[%emt 0:04:28]} Nxf3+ {[%emt 0:13:18]} 21. Bxf3 {[%emt 0:00:05]} Rab8 {[%emt 0:07:27]} 22. Rd4 {[%emt 0:01:22]} Rhc8 {[%emt 0:01:01]} 23. Rc1 {[%emt 0:02:26]} Rc7 {[%emt 0:02:24]} 24. Kf2 {[%emt 0:01:48]} Rbc8 {[%emt 0:00:49]} 25. Rcd1 {[%emt 0:00:59]} Ba4 {[%emt 0:02:16]} 26. R1d2 {[%emt 0:01:28]} b6 {[%emt 0:02:53]} 27. c6 {[%emt 0:02:19]} Ke8 {[%emt 0:12:59]} 28. Rd7 {[%emt 0:01:57]} a5 {[%emt 0:01:46]} 29. R2d6 {[%emt 0:01:06]} Bb5 {[%emt 0:02:32]} 30. Kg3 {[%emt 0:01:05]} axb4 {[%emt 0:01:57]} 1/2-1/2

[Event "EYCC Open-U14 2019"]
[Site "Bratislava"]
[Date "2019.08.08"]
[Round "7.10"]
[White "Revaliente Montoya, Ciro"]
[Black "Kirillov, Dmitry"]
[Result "0-1"]
[WhiteElo "1917"]
[BlackElo "2244"]
[Annotator "NA"]
[PlyCount "92"]
[EventDate "2019.08.02"]
[EventType "swiss"]
[EventCountry "SVK"]
[SourceTitle "playchess.com"]
[Source "ChessBase"]
[SourceQuality "1"]
[TimeControl "40/5400+30:1800+30"]

1. e4 {[%emt 0:00:00]} c5 {[%emt 0:00:00]} 2. Nf3 {[%emt 0:00:00]} e6 {[%emt 0:00:00]} 3. d4 {[%emt 0:00:00]} cxd4 {[%emt 0:00:00]} 4. Nxd4 {[%emt 0:00:00]} Nf6 {[%emt 0:00:00]} 5. Nc3 {[%emt 0:00:04]} Nc6 {[%emt 0:00:00]} 6. Ndb5 {[%emt 0:00:25]} Bb4 {[%emt 0:00:00]} 7. e5 {[%emt 0:01:28]} Nxe5 {[%emt 0:15:05]} 8. Bf4 {[%emt 0:02:40]} d6 {[%emt 0:01:32]} 9. a3 {[%emt 0:00:37]} Bxc3+ {[%emt 0:01:30]} 10. Nxc3 {[%emt 0:00:28]} O-O {[%emt 0:12:47]} 11. Qd4 {[%emt 0:01:36]} Nc6 {[%emt 0:16:08]} 12. Qxd6 {[%emt 0:01:42]} e5 {[%emt 0:03:00]} 13. Qxd8 {[%emt 0:02:29]} Rxd8 {[%emt 0:00:03]} 14. Be3 {[%emt 0:03:41]} Bf5 {[%emt 0:02:06]} 15. Rc1 {[%emt 0:05:45]} Rac8 {[%emt 0:03:33]} 16. Bb5 {[%emt 0:08:21]} Nd4 {[%emt 0:03:10]} 17. Ba4 {[%emt 0:02:52]} Ne4 {[%emt 0:03:05]} 18. Nxe4 {[%emt 0:05:08]} Bxe4 {[%emt 0:00:23]} 19. f3 {[%emt 0:00:15]} Bxc2 {[%emt 0:05:57]} 20. Bxd4 {[%emt 0:03:00]} Bxa4 {[%emt 0:00:07]} 21. Rxc8 {[%emt 0:00:08]} Rxc8 {[%emt 0:00:04]} 22. Bc3 {[%emt 0:00:09]} f6 {[%emt 0:00:25]} 23. Kf2 {[%emt 0:02:00]} Kf7 {[%emt 0:00:13]} 24. Re1 {[%emt 0:01:00]} b6 25. Re4 {[%emt 0:04:31]} Bb3 {[%emt 0:02:22]} 26. Rb4 {[%emt 0:04:17]} Bc4 {[%emt 0:02:16]} 27. a4 {[%emt 0:01:00]} Rc6 {[%emt 0:01:41]} 28. a5 {[%emt 0:05:56]} b5 {[%emt 0:00:51]} 29. Ke3 {[%emt 0:03:24]} a6 {[%emt 0:12:23]} 30. Kd2 {[%emt 0:02:20]} g5 {[%emt 0:01:13]} 31. b3 {[%emt 0:02:34]} Bd5 {[%emt 0:01:43]} 32. h4 {[%emt 0:05:00]} h6 {[%emt 0:01:32]} 33. hxg5 {[%emt 0:04:35]} hxg5 {[%emt 0:00:14]} 34. Kd3 {[%emt 0:00:45]} Kg6 {[%emt 0:07:56]} 35. Kd2 {[%emt 0:09:06]} Rc8 {[%emt 0:01:29]} 36. Kd3 {[%emt 0:01:13]} Re8 {[%emt 0:01:26]} 37. Ke3 {[%emt 0:01:42]} f5 {[%emt 0:01:43]} 38. Bb2 {[%emt 0:02:41]} f4+ {[%emt 0:00:22]} 39. Kd3 {[%emt 0:01:20]} Kf5 {[%emt 0:00:25]} 40. Ke2 {[%emt 0:00:00]} Rc8 {[%emt 0:00:00]} 41. Kd3 {[%emt 0:03:17]} Rg8 {[%emt 0:02:42]} 42. Ke2 {[%emt 0:03:41]} g4 {[%emt 0:00:16]} 43. Bc3 {[%emt 0:01:59]} gxf3+ {[%emt 0:00:30]} 44. gxf3 {[%emt 0:00:06]} Rg2+ {[%emt 0:00:08]} 45. Kf1 {[%emt 0:00:04]} Rc2 {[%emt 0:00:21]} 46. Be1 {[%emt 0:00:19]} Bxf3 {[%emt 0:00:24]} 0-1